00292pab a2200121 454500008004000000100002300040245003100063260000900094300001500103362001100118650002100129773002000150180718b2015 xxu||||| |||| 00| 0 eng d aChindhade, Shirish aExcellence is performance! c2015 ap.180-182. a18 May aHigher education aUniversity News